| 000 | 00482nam a2200181 a 4500 | ||
|---|---|---|---|
| 005 | 20140414131925.0 | ||
| 008 | 101027s19uu xx 00 eng d | ||
| 050 |
_aER _bW55 1975 |
||
| 100 | _aAardema, Verna | ||
| 245 |
_aWhy mosquitoes buzz in people's ears. / _cVerna Aardema; pictures by Leo and Diane Dillon. |
||
| 260 |
_aNew York : _bPied Piper book, _c1975. |
||
| 440 | _a | ||
| 650 |
_a _x |
||
| 650 |
_a _x |
||
| 650 |
_a _x |
||
| 650 |
_a _x |
||
| 999 |
_c111967 _d111967 |
||